| 000 | 01964nam0a2200373 4500 | ||
|---|---|---|---|
| 001 | RU\NLR\BIBL_A\012503725 | ||
| 005 | 20210511083347.0 | ||
| 010 |
_a978-5-7638-4315-6 _9100 |
||
| 021 |
_aRU _bКН-П-20-079715 _9КН-П-20-6046 |
||
| 035 | _a(NLR Aleph) 012503725 | ||
| 035 | _a(RuMoRGB)010510627 | ||
| 090 |
_a12242564 _c12242564 |
||
| 100 | _a20210414d2020 u y0rusy50 ca | ||
| 101 | 0 | _arus | |
| 102 | _aRU | ||
| 105 | _ay j 000zy | ||
| 181 | 0 |
_ai _baxxe |
|
| 182 | 0 | _an | |
| 200 | 1 |
_aПриродоресурсное право _eучебное пособие _eдля студентов, обучающихся по направлению 40.03.01 "Юриспруденция" _fД. А. Фицай, Т. Г. Спиглазова, С. Н. Гринберг _gМинистерство науки и высшего образования Российской Федерации, Сибирский федеральный университет, Юридический институт |
|
| 203 |
_aТекст _bвизуальный _cнепосредственный |
||
| 210 |
_aКрасноярск _cСФУ _d2020 |
||
| 215 |
_a226, [2] с. _d21 |
||
| 320 | _aБиблиогр. в конце разд. | ||
| 606 | 1 |
_aПриродные ресурсы _jУчебные издания для высших учебных заведений _xИспользование _xПравовые вопросы _yРоссийская Федерация _92154098 _3RU\NLR\AUTH\661296940 |
|
| 610 | 0 | _aприродоресурсное право : | |
| 686 | 1 | _aХ625.91я73 | |
| 700 | 1 |
_aФицай _bД. А. _gДарья Александровна |
|
| 701 | 1 |
_aСпиглазова _bТ. Г. _gТатьяна Геннадьевна |
|
| 701 | 1 |
_aГринберг _bС. Н. _gСветлана Николаевна |
|
| 942 | _cBOOK | ||
| 980 | _aNBR | ||
| 980 | _aNB | ||